000 00743nam a22002057a 4500
005 20180108153651.0
010 _a1718EN-30ENG-122014
020 _a9789384761370
_c109.00
035 _aB-684714-747
035 _aEN-105546
037 _bAdhunik
_aDPL
082 _a485
100 _aSharma, R.K.
245 _aLucent's high school english grammer /
_cby R.K.Sharma
260 _aPatna
_bLucent Publication
_c2016
270 _anew bypass road, ashochak
_bPatna (Bihar)
_e0612 2344915
300 _a506p.
_c21cm(pbk)
942 _2ddc
_cEN
_h485
_mSHA
999 _c145580
_d145580